This side up /

Hlavní autor: Feldek, Ľubomír, 1936-
Jazyk: Slovenština
Vydáno: Praha : BB art, 2003
Vydání: V tomto uspořádání 1. vyd.
Edice: Versus
Témata:
Fyzický popis: 154 s. ; 16 cm
Knihy
Uloženo v:
LEADER 00999nam a2200325 a 4500
001 000667822
003 CZ BrMZK
005 20090129170647.0
007 ta
008 030428s2003 xr g 000 p slo d
015 |a cnb001249199 
020 |a 80-7341-008-7 
035 |a (OCoLC)53086853 
040 |a PNA001  |b cze  |d BOA001 
072 7 |a 821.162.4  |x Slovenská literatura  |2 Konspekt  |9 25 
080 |a 821.162.4-1  |2 MRF 
080 |a (0:82-14)  |2 MRF 
100 1 |a Feldek, Ľubomír,  |d 1936-  |7 jn19990210206  |4 aut 
245 1 0 |a This side up /  |c Ľubomír Feldek 
250 |a V tomto uspořádání 1. vyd. 
260 |a Praha :  |b BB art,  |c 2003 
300 |a 154 s. ;  |c 16 cm 
490 1 |a Versus 
500 |a Text slovensky 
655 7 |a slovenská poezie  |7 fd183397  |2 czenas 
655 7 |a lyrická poezie  |7 fd132781  |2 czenas 
830 0 |a Versus  |0 s 
910 |a BOA001  |b 1-1116.997 
990 |a BK 
996 6 |b 2610187905  |c 1-1116.997  |l MZK  |r Sklad / do 1 hodiny  |n 1  |p p.v.  |w 000667822  |u 000010  |a 1  |e BOA001  |j MZK50  |s P